De quel film Disney vient cette maman - Statistiques

Statistiques générales
  • Ce quiz a été pris 178 fois
  • Le résultat moyen est 12 sur 16
Statistiques - réponses
Par images Réponse % Correct
la petite sirene
97%
raiponce
95%
mulan
92%
vaiana
92%
la reine des neiges
91%
la princesse et la grenouille
87%
vice versa
87%
rebelle
84%
les indestructibles
82%
hercule
77%
coco
61%
tarzan
55%
toy story
55%
peter pan
53%
alerte rouge
49%
princesse sofia
35%
Aucun quiz correspondant
Distribution des résultats
% des personnes avec chaque résultat
Percentile par nombre de réponses
Votre historique - résultats
Vous n’avez pas pris ce quiz